Niente di vero tranne gli occhi /

में बचाया:
ग्रंथसूची विवरण
मुख्य लेखक: Faletti, Giorgio (लेखक)
स्वरूप: पुस्तक
भाषा:इतालवी
प्रकाशित: Milano : Baldini Castoldi Dalai, 2005
श्रृंखला:Supernani ; 3
टैग: टैग जोड़ें
कोई टैग नहीं, इस रिकॉर्ड को टैग करने वाले पहले व्यक्ति बनें!

MARC

LEADER 00000nam a22000001i 4500
001 IT\ICCU\TO0\1627607
003 ItRI
005 20240703105657.0
008 071115s2005 it |||||| ||||| |||||c
040 |b ita  |c CDM 
041 7 |a ita  |2 ISO-639-2 
100 1 |a Faletti, Giorgio  |0 IT\ICCU\RAVV\089749  |4 aut 
245 1 0 |a Niente di vero tranne gli occhi /  |c Giorgio Faletti. 
260 |a Milano :  |b Baldini Castoldi Dalai,  |c 2005 
300 |a 499 p. ;  |c 21 cm 
830 0 |a Supernani ;  |v 3  |0 IT\ICCU\CFI\0551663 
942 |2 ddc  |c BK 
952 |0 0  |1 0  |2 ddc  |4 0  |6 853_914000000000000_FAL_NIE  |7 1  |9 1560  |a RA  |b RA  |d 2024-07-03  |l 0  |o 853.914 FAL NIE  |p 9309  |r 2024-07-03 10:58:15  |w 2024-07-03  |y BK 
981 1 |6 z01  |a i   |b xxxe  
982 1 |6 z01  |a n 
999 |c 1377  |d 1377